The woman next door : a novel / Barbara Delinsky.
Available copies
- 1 of 1 copy available at LARL/NWRL Consortium.
Current holds
0 current holds with 1 total copy.
View other formats and editions
Show Only Available Copies
| Location | Call Number / Copy Notes | Barcode | Shelving Location | Status | Due Date |
|---|---|---|---|---|---|
| Godel Memorial-Warren Library | DEL (Text) | 35500003031562 | Main | Available | - |
Record details
- ISBN: 0743204697
- Physical Description: 367 p. ; 25 cm.
- Publisher: New York : Simon & Schuster, c2001.
Search for related items by subject
| Subject: | Married people > Fiction. Pregnant women > Fiction. Infertility > Fiction. Friendship > Fiction. Widows > Fiction. |
| Genre: | Domestic fiction. |
| LDR | 01062cam a2200313Ia 4500 | ||
|---|---|---|---|
| 001 | 34186 | ||
| 003 | LARL_NWRL_CONSORTIUM | ||
| 005 | 20010320160936.0 | ||
| 008 | 010315s2001 nyu 000 1 eng | ||
| 010 | . | ‡a2001020834 | |
| 020 | . | ‡a0743204697 | |
| 035 | . | ‡a(OCoLC)46538513 | |
| 035 | 0 | 0. | ‡ilcmarc/AZO-2648/KRLTECH |
| 040 | . | ‡aDLC ‡cDLC | |
| 082 | 0 | 0. | ‡a813/.54 ‡221 |
| 099 | . | ‡aDel | |
| 100 | 1 | . | ‡aDelinsky, Barbara. ‡0(LARL_NWRL_CONSORTIUM)111052 |
| 245 | 1 | 4. | ‡aThe woman next door : ‡ba novel / ‡cBarbara Delinsky. |
| 260 | . | ‡aNew York : ‡bSimon & Schuster, ‡cc2001. | |
| 300 | . | ‡a367 p. ; ‡c25 cm. | |
| 650 | 0. | ‡aMarried people ‡vFiction. ‡0(LARL_NWRL_CONSORTIUM)165987 | |
| 650 | 0. | ‡aPregnant women ‡vFiction. ‡0(LARL_NWRL_CONSORTIUM)166577 | |
| 650 | 0. | ‡aInfertility ‡vFiction. | |
| 650 | 0. | ‡aFriendship ‡vFiction. ‡0(LARL_NWRL_CONSORTIUM)164944 | |
| 650 | 0. | ‡aWidows ‡vFiction. ‡0(LARL_NWRL_CONSORTIUM)167902 | |
| 655 | 0. | ‡aDomestic fiction. | |
| 901 | . | ‡a34186 ‡bOCLC ‡c34186 ‡tbiblio | |

Add to basket
Permalink
Disable Highlighting